Dos Españas
Saved in:
| Hovedforfatter: | |
|---|---|
| Format: | Bog |
| Sprog: | spansk |
| Udgivet: |
Buenos Aires, Argentina
Juventud Argentina
1944
|
| Serier: | Biblioteca de la Esfinge
|
| Fag: | |
| Tags: |
Tilføj Tag
Ingen Tags, Vær først til at tagge denne postø!
|
MARC
| LEADER | 00000nam a2200000 a 4500 | ||
|---|---|---|---|
| 001 | UCI2366 | ||
| 003 | CL-VaPUC | ||
| 005 | 20210521001551.0 | ||
| 008 | 070817e19440000AG |||||||||||||||||spa|d | ||
| 999 | |c 326969 |d 326967 | ||
| 040 | |c Pontificia Universidad Católica de Valparaíso | ||
| 082 | 0 | 4 | |a 946 PER 1944 |2 21 |
| 100 | 0 | |a Pérez y Pérez, Rafael |e author |9 523380 | |
| 245 | 1 | 0 | |a Dos Españas |
| 260 | |a Buenos Aires, Argentina |b Juventud Argentina |c 1944 | ||
| 300 | |a 525 páginas | ||
| 490 | 0 | |a Biblioteca de la Esfinge | |
| 500 | |a Donación Padres Capuchinos | ||
| 583 | |a last modification |c 20070817 00:00:00 |k Rodrigo Vera | ||
| 650 | 0 | |a Historia de España |9 315435 | |
| 852 | |a BIBCUR | ||
| 942 | |c BK |2 ddc | ||
| 945 | |d 20070817 00:00:00 |a jtorresc | ||
| 952 | |0 0 |1 0 |2 ddc |4 0 |6 946_000000000000000_PER_1944 |7 0 |8 X |9 409299 |a BIBHIS |b BIBHIS |d 2019-11-22 |i 4363280 |o 946 PER 1944 |p 4363280 |r 2024-01-30 |t 1 |w 2019-11-22 |y BK_X |k HIS | ||